Statistics for Devil Fruits of The Marines (One Piece)

Click here to take the quiz!

General Stats

  • This quiz has been taken 29 times
    (28 since last reset)
  • The average score is 27 of 56

Answer Stats

HintAnswer% Correct
Kuzan (Aokiji)Hie Hie no mi / Ice
100%
Sakazuki (Akainu)Magu Magu no mi / Magma
100%
Borsalino (Kizaru)Pika Pika no mi / Light
100%
SmokerMoku Moku no mi / Smoke
96%
SengokuHito Hito no mi Model: Daibutsu / Buddha
88%
Marshall D. TeachYami Yami no mi / Dark
88%
Issho (Fujitora)Zushi Zushi no mi / Gravity
88%
Donquixote DoflamingoIto Ito no mi / String
83%
MagellanDoku Doku no mi / Venom/Poison
79%
Rob LucciNeko Neko no mi Model: Leopard / Leopard
79%
Trafalger D. Water LawOpe Ope no mi / Op
75%
Marshall D. TeachGura Gura no mi / Tremor
71%
KakuUshi Ushi no mi Model: Giraffe / Giraffe
67%
Funk FreedZou Zou no mi / Elephant
67%
BluenoDoa Doa no mi / Door
63%
TsuruWoshu Woshu no mi / Wash
58%
KalifaAwa Awa no mi / Bubble
54%
BellamyBane Bane no mi / Spring
54%
Aramaki (Ryukugyo)Mori Mori no mi / Forest
54%
Senor PinkSui Sui no mi / Swim
54%
MinozebraZebra
54%
PicaIshi Ishi no mi / Stone
50%
MinokoalaKoala
50%
DalmatianDalmatian
46%
MinorhinocerosRhinoceros
46%
ShiryuSuke Suke no mi / Clear
46%
MonetYuki Yuki no mi / Snow
46%
TrebolBeta Beta no mi / Sticky
42%
Doc QShiku Shiku no mi / Sick
42%
GiollaAta Ata no mi / Art
38%
MinochihuahuaChihuahua
38%
Donquixote RosinanteNagi Nagi no mi / Calm
38%
Jesus BurgessRiki Riki no mi / Strong
38%
X DrakeRyu Ryu no mi Model: Allosaurus / Allosaurus
38%
ShuSabi Sabi no mi / Rust
38%
ViolaGiro Giro no mi / Glare
33%
BuffaloGuru Guru no mi / Spin
33%
SugarHobi Hobi no mi / Hobby
33%
Very GoodBeri Beri no mi / Berry
29%
Baby 5Buki Buki no mi / Arms
29%
MinotaurusCow
29%
OnigumoSpider
29%
MachviseTon Ton no mi / Ton
29%
StrongerUma Uma no mi Model: Pegasus / Pegasus
29%
Van AugurWapu Wapu no mi / Warp
29%
Catarina DevonInu Inu no mi Model: Kyuubi no Kitsune / Nine Tailed Fox
25%
SharinguruShari Shari no mi / Wheel
25%
Avalo PizarroShima Shima no mi / Isle/Island
25%
Vasco ShotGabu Gabu no mi / Glug
21%
HinaOri Ori no mi / Cage
21%
GladiusPamu Pamu no mi / Pop
21%
Sanjuan WolfDeka Deka no mi / Huge
17%
KujakuMuchi Muchi no mi / Whip
17%
Who's WhoNeko Neko no mi Model: Saber Tiger / Saber Tiger
17%
Prince GrusGunyo Gunyo no mi / Glorp
13%
DiamanteHira Hira no mi / Ripple
13%

Score Distribution

Percentile by Number Answered

Percent of People with Each Score

Your Score History

You have not taken this quiz since the last reset